000 01165nam a2200313Ia 4500
001 Para_9087
003 CHAP
008 220125s2005 xx 000 0 und d
010 _a207694
040 _cCHAP
090 _aPA TESIS 1947
100 _aMéndez Zepeda, Victorio
_976608
245 _aEficacia biológica del fungicida canon (sal de fosfito de potasio) en el control del mildiu del pepino (Pseudoperonospora cubensis (Berk. & Curt) Rostow) en el estado de Morelos /
_c por Victorio Méndez Zepeda
260 _aChapingo, Méx. :
_b el autor
300 _a46 h. + apénd.
502 _aTesis (Ing. Agr. Esp. en Parasitología Agrícola) -- UACh. Departamento Parasitología Agrícola
650 _aFungicidas
_x análisis
_944045
650 _aHongos fitopatógenos
_956132
650 _aPepino
_x enfermedades por hongos
_986905
650 _aPseudoperonospora cubensis
_992582
710 _aUACh. Departamento Parasitología Agrícola
_9164025
901 _aPA TESIS 1947
902 _aA
905 _a0000002005 mx mn 0000000000sp 00
910 _a2005
942 _cPARA
942 _cPARA
_d2
999 _c207694
_d207694